书目信息 |
| 题名: |
广东靓汤
|
|
| 作者: | 秦艳芬 编著 | |
| 分册: | ||
| 出版信息: | 广州 广东科技出版社 2004 |
|
| 页数: | 164页 | |
| 开本: | 21cm | |
| 丛书名: | ||
| 单 册: | ||
| 中图分类: | TS972.122 | |
| 科图分类: | ||
| 主题词: | 汤菜--tang cai --菜谱y广东省 , 饮食业--供应技术 | |
| 电子资源: | ||
| ISBN: | 7-5359-3671-7 | |
| 000 | 00702nam0 2200253 450 | |
| 001 | CAL 012005085919 | |
| 005 | 20061120151828.87 | |
| 010 | @a7-5359-3671-7@dCNY 12.00 | |
| 099 | @aCAL 012005085919 | |
| 100 | @a20050721d2004 em y0chiy0191 ea | |
| 101 | 0 | @achi |
| 102 | @aCN@b440000 | |
| 105 | @ay z 000yy | |
| 200 | 1 | @a广东靓汤@Aguang dong liang tang @e滋补篇@f秦艳芬编著 |
| 210 | @a广州@c广东科技出版社@d2004 | |
| 215 | @a164页@d21cm | |
| 307 | @a2005年2月第2次印刷 | |
| 606 | 0 | @a汤菜@Atang cai @x菜谱y广东省 |
| 606 | 0 | @a饮食业@x供应技术 |
| 690 | @aTS972.122@v4 | |
| 701 | 0 | @a秦艳芬@Aqin yan fen @4编著 |
| 801 | @aCN@c20061120 | |
| 905 | @a10447@dTS972.122@eQ450 | |
| 998 | @aGXU | |
| 广东靓汤:滋补篇/秦艳芬编著.-广州:广东科技出版社,2004 |
| 164页;21cm |
| ISBN 7-5359-3671-7:CNY 12.00 |
| ● |
| 相关链接 |
|
|
|
正题名:广东靓汤
索取号:TS972.122/Q450
 
预约/预借
| 序号 | 登录号 | 条形码 | 馆藏地/架位号 | 状态 | 备注 |
| 1 | 611278 | 206112785 | 自科库501/501自科库 45排3列5层/ [索取号:TS972.122/Q450] | 在馆 | |
| 2 | 611279 | 206112794 | 自科库501/ [索取号:TS972.122/Q450] | 在馆 | |
| 3 | 611280 | 206112801 | 自科库501/ [索取号:TS972.122/Q450] | 在馆 |